000 00376nam a2200145Ia 4500
008 230711s9999||||xx |||||||||||||| ||und||
041 _aENG
082 _a621
_bDA-P
100 _aDatta,Samir
245 0 _aPower electronics and control
250 _a1st
260 _c1991
_aNew Delhi
_bPrentice-Hall of India Private Limited
650 _aElectrical Engineering
942 _cBK
999 _c1432
_d1432